000 01451cam a2200133 4500500
005 20260405022124.0
041 _afre
042 _adc
100 1 0 _aLinz, Juan J.
_eauthor
245 0 0 _aRégimes totalitaires et autoritaires
260 _bArmand Colin,
_c2007.
520 _aLes systèmes totalitaires. En quête d'une définition du totalitarisme. Idéologie et totalitarisme. Le parti totalitaire. Le leadership du parti. Les fonctions du parti. L'État et le parti. Le parti en théorie et dans la réalité. Partis communistes et partis fascistes. Excursus sur la terreur. Les dynamiques internes du système totalitaire. Totalitarismes de "gauche" et de "droite". Les critiques et suggestions alternatives sur le concept de totalitarisme. Les conditions menant aux systèmes non démocratiques, en particulier totalitaires. Deux analyses historico-sociologiques : Karl Wittfogle et Barrington Moore Jr. Autorité traditionnelle et gouvernement personnel. L'autorité légitime traditionnelle et semi-traditionnelle. Les régimes sultaniques. Caudillisme et caciquisme. Les régimes autoritaires. Vers une définition des régimes autoritaires. La difficile typologie des régimes autoritaires. Vers une typologie de l'autoritarisme. La typologie difficile. Nouvelles réflexions après un quart de siècle.
856 4 1 _uhttps://shs.cairn.info/regimes-totalitaires-et-autoritaires--9782200351380?lang=fr&redirect-ssocas=7080
999 _c2129696
_d2129696